[Event "AUT -U18G"]
[Site "Koestendorf"]
[Date "1998.04.04"]
[Round "1.1"]
[White "Jauk, Nadine"]
[Black "Perlega, Daniela"]
[Result "1/2-1/2"]
[WhiteElo "1761"]
[BlackElo "1608"]
[PlyCount "58"]
[EventDate "1998.04.04"]
[Source "A. Burger"]
[SourceDate "1998.04.10"]

1. e4 d6 2. d4 Nf6 3. Nc3 g6 4. Nf3 Bg4 5. h3 Bxf3 6. Qxf3 c6 7. Bc4 e6 8. Bg5
Be7 9. e5 dxe5 10. dxe5 Nfd7 11. Bxe7 Qxe7 12. Qe3 Nb6 13. Bb3 N8d7 14. O-O-O
O-O-O 15. f4 Nc5 16. Ne4 Nxe4 17. Qxe4 Nd7 18. Qa4 Kb8 19. Qa5 Qc5 20. Qe1 Nb6
21. Rd2 Rd7 22. Rxd7 Nxd7 23. Qh4 Kc8 24. Qg3 Rf8 25. Rd1 Qe7 26. Qe3 {} 26...
Qc5 27. Qd3 Rd8 28. g4 Qe7 29. Qe3 Qc5 1/2-1/2

[Event "AUT -U18G"]
[Site "Koestendorf"]
[Date "1998.04.04"]
[Round "1.2"]
[White "Kump, Martina"]
[Black "Alge, Karin"]
[Result "1/2-1/2"]
[WhiteElo "1581"]
[BlackElo "1734"]
[PlyCount "69"]
[EventDate "1998.04.04"]
[Source "A. Burger"]
[SourceDate "1998.04.10"]

1. e4 d6 2. d4 Nf6 3. Bd3 g6 4. Be3 Nbd7 5. Nf3 Bg7 6. h3 O-O 7. Qd2 c5 8. c3
c4 9. Bc2 Qc7 10. Bh6 e5 11. Bxg7 Kxg7 12. O-O b5 13. d5 Nh5 14. Qe3 Nb6 15.
Nbd2 Qb7 16. Rfd1 f5 17. Nf1 f4 18. Qe2 Nd7 19. Ng5 Kh8 20. Re1 Rg8 21. Nf7+
Kg7 22. Nxd6 Qb6 23. Nxc8 Rgxc8 24. Kh1 a5 25. a3 a4 26. Nh2 Rf8 27. Nf3 h6 28.
Nh4 Nhf6 29. Rad1 Ne8 30. Rf1 Qf6 31. Nf3 Nd6 32. Nh2 32... g5 {} 33. Qh5 Qg6
34. Qxg6+ Kxg6 35. f3 1/2-1/2

[Event "AUT -U18G"]
[Site "Koestendorf"]
[Date "1998.04.04"]
[Round "1.3"]
[White "Perlega, Claudia"]
[Black "Roscher, Christine"]
[Result "1-0"]
[WhiteElo "1715"]
[BlackElo "1568"]
[PlyCount "110"]
[EventDate "1998.04.04"]
[Source "A. Burger"]
[SourceDate "1998.04.10"]

1. e4 e5 2. Nf3 Nc6 3. Bc4 Bc5 4. c3 Nf6 5. d3 d6 6. h3 h6 7. O-O O-O 8. Bb3
Re8 9. Re1 Ne7 10. Be3 Bxe3 11. Rxe3 Ng6 12. Nbd2 d5 13. exd5 Nxd5 14. Re1 Ndf4
15. d4 exd4 16. Nxd4 Rxe1+ 17. Qxe1 {
} 17... Bxh3 18. g3 Qg5 19. Ne4 Qe5 20.
gxf4 Qxf4 21. Qe3 Qxe3 22. fxe3 Re8 23. Nf2 Rxe3 24. Nxh3 Rxh3 25. Re1 Kf8 26.
Nb5 Rh5 27. Nxc7 Re5 28. Rxe5 Nxe5 29. Nb5 Nc6 30. Nd6 b6 31. Nxf7 Na5 32. Nd6
Nxb3 33. axb3 a6 34. Kf2 b5 35. c4 Ke7 36. Nf5+ Kf6 37. cxb5 axb5 38. Nd4 b4
39. Nc2 Ke5 40. Nxb4 Kd4 41. Nc2+ Kc5 42. Ke2 g6 43. Kd3 h5 44. b4+ Kb5 45. Kc3
h4 46. Nd4+ Kb6 47. Nf3 h3 48. Nh2 Kb5 49. Ng4 g5 50. b3 Kc6 51. Kc4 Kb6 52. b5
Kc7 53. Kc5 Kb7 54. b6 Kc8 55. Kc6 Kb8 1-0

[Event "AUT -U18G"]
[Site "Koestendorf"]
[Date "1998.04.04"]
[Round "1.4"]
[White "Striok, Bianka"]
[Black "Schrank, Manuela"]
[Result "0-1"]
[WhiteElo "1537"]
[BlackElo "1700"]
[PlyCount "100"]
[EventDate "1998.04.04"]
[Source "A. Burger"]
[SourceDate "1998.04.10"]

1. e4 d6 2. Nf3 g6 3. Bc4 Bg7 4. d4 Nf6 5. Qd3 O-O 6. Bf4 Nh5 7. Bg3 Nd7 8. O-O
Nxg3 9. fxg3 c5 10. Qb3 Qb6 11. Qxb6 Nxb6 12. Bd3 cxd4 13. Na3 a6 14. Rad1 Na4
15. b3 Nc3 16. Ra1 b5 17. Nb1 Bb7 18. Nxc3 dxc3 19. a4 Bc6 20. axb5 axb5 21.
Rfe1 e6 22. Rad1 Ra2 23. Re2 Rd8 24. Kf2 Ra7 25. g4 Re7 26. g5 h6 27. gxh6 Bxh6
28. Nd4 Rc7 29. Bxb5 Bxb5 30. Nxb5 Rc6 31. Rd3 Bd2 32. Kf1 Kf8 33. Rf2 Ra8 34.
Nxd6 Ra1+ 35. Ke2 Re1+ 36. Kf3 Rc1 37. Nc4 Rxc2 38. Nxd2 cxd2 39. Rfxd2 Rxd2
40. Rxd2 Rc3+ 41. Kf4 Rxb3 42. Ke5 Ke7 43. Rc2 Rb5+ 44. Kf4 Kf6 45. Rf2 g5+ 46.
Kg4+ Kg6 47. Re2 Rb4 48. Kf3 48... Rb3+ {} 49. Re3 g4+ 50. Kf4 e5+ 0-1

[Event "AUT -U18G"]
[Site "Koestendorf"]
[Date "1998.04.04"]
[Round "1.5"]
[White "Archan, Dagmar"]
[Black "Schuetz, Margit"]
[Result "1/2-1/2"]
[WhiteElo "1688"]
[BlackElo "1519"]
[PlyCount "103"]
[EventDate "1998.04.04"]
[Source "A. Burger"]
[SourceDate "1998.04.10"]

1. d4 d5 2. Nf3 Nf6 3. c4 c6 4. e3 Bf5 5. Nc3 h6 6. b3 e6 7. Bb2 Be7 8. Bd3
Bxd3 9. Qxd3 O-O 10. O-O Nbd7 11. e4 dxe4 12. Nxe4 Nxe4 13. Qxe4 Nf6 14. Qd3
Qc7 15. Rad1 Rad8 16. Qe2 Rfe8 17. Ne5 Nd7 18. f4 Nf6 19. Qd3 Rf8 20. f5 exf5
21. Qxf5 Qc8 22. Qf3 Bd6 23. Bc1 Bxe5 24. dxe5 Nh7 25. Ba3 Rxd1 26. Rxd1 Re8
27. Bb2 Rd8 28. Rd6 f6 29. Qd3 Rxd6 30. exd6 Qd7 31. c5 Ng5 32. b4 Nf7 33. Qe3
Kf8 34. a4 Nd8 35. Qe4 Kf7 36. Qc4+ Qe6 37. Qxe6+ Kxe6 38. Kf2 Kd5 39. Bc3 b6
40. d7 b5 41. a5 Ke6 42. Kf3 Kxd7 43. Kf4 Ke6 44. a6 Nf7 45. Ke4 Ng5+ 46. Ke3
Nh7 47. Be1 Kd7 48. Bg3 Kc8 49. Kf4 g6 50. h4 50... h5 {} 51. Ke4 Nf8 52. Bd6
1/2-1/2

[Event "AUT -U18G"]
[Site "Koestendorf"]
[Date "1998.04.04"]
[Round "1.6"]
[White "Kreutmayer, Simone"]
[Black "Wiesinger, Bianca"]
[Result "1-0"]
[WhiteElo "1517"]
[BlackElo "1626"]
[PlyCount "53"]
[EventDate "1998.04.04"]
[Source "A. Burger"]
[SourceDate "1998.04.10"]

1. e4 c5 2. c3 d5 3. exd5 Qxd5 4. d4 e6 5. Nf3 b6 6. Be2 Bb7 7. O-O Nf6 8. Bg5
Nbd7 9. c4 Qc6 10. Nc3 Bd6 11. dxc5 Bxc5 12. Qd2 Rd8 13. Rad1 Be7 14. Qf4 h6
15. Bxf6 Bxf6 16. Nb5 {} 16... g5 17. Qd6 Be7 18. Qxc6 Bxc6 19. Nxa7 Bb7 20.
Nb5 O-O 21. Nfd4 Ne5 22. Rd2 Ba6 23. Rfd1 Rc8 24. b3 Rfd8 25. Kf1 Kg7 26. g3
Bb4 27. Nxe6+ 1-0

[Event "AUT -U18G"]
[Site "Koestendorf"]
[Date "1998.04.05"]
[Round "2.1"]
[White "Giesinger, Evelyne"]
[Black "Perlega, Claudia"]
[Result "1/2-1/2"]
[WhiteElo "1356"]
[BlackElo "1715"]
[PlyCount "28"]
[EventDate "1998.04.04"]
[Source "A. Burger"]
[SourceDate "1998.04.10"]

1. c4 e5 2. Nc3 Nf6 3. Nf3 d6 4. g3 Be7 5. Bg2 O-O 6. O-O Nbd7 7. d3 Rb8 8. Bd2
b6 9. b4 Bb7 10. Re1 d5 11. cxd5 Nxd5 12. Nxd5 Bxd5 13. Bc3 Re8 14. Rc1 Bd6
1/2-1/2

[Event "AUT -U18G"]
[Site "Koestendorf"]
[Date "1998.04.05"]
[Round "2.2"]
[White "Schrank, Manuela"]
[Black "Kreutmayer, Simone"]
[Result "1-0"]
[WhiteElo "1700"]
[BlackElo "1519"]
[PlyCount "105"]
[EventDate "1998.04.04"]
[Source "A. Burger"]
[SourceDate "1998.04.10"]

1. e4 c6 2. d4 d5 3. Nc3 dxe4 4. Nxe4 Bf5 5. Ng3 Bg6 6. Nf3 Nd7 7. Bd3 Ngf6 8.
O-O e6 9. Re1 Qc7 10. c3 O-O-O 11. Qc2 Bd6 12. Bd2 Bxd3 13. Qxd3 h5 14. Bg5 Bf4
15. Ne4 Bxg5 16. Nexg5 Rdf8 17. Rad1 Kb8 18. b4 Nd5 19. Rb1 Nf4 20. Qd2 h4 21.
h3 Nb6 22. Re4 Ng6 23. Qc2 Qd7 24. a4 Re8 25. Ree1 Nc4 26. Qb3 b5 27. Ne4 Nf4
28. Nc5 Qc8 29. axb5 cxb5 30. Ra1 Re7 31. Ra6 Nd5 32. Rea1 Ndb6 33. R6a2 Rd8
34. Ra6 Ka8 35. Qa2 Qc7 36. Qc2 Qc8 37. Nd2 Nxd2 38. Qxd2 Nc4 39. Qc2 g5 40.
Qe4+ Rd5 41. Nb3 Kb8 42. Nc5 f5 43. Qe2 Rd6 44. Qf3 Nb6 45. R6a5 {} 45... Qc6
46. Qxc6 Rxc6 47. Rxb5 Kc8 48. Rba5 Rcc7 49. Re1 Nd5 50. b5 Nb6 51. Ra6 Kb8 52.
Ra3 Ka8 53. Rxe6 1-0

[Event "AUT -U18G"]
[Site "Koestendorf"]
[Date "1998.04.05"]
[Round "2.3"]
[White "Schuetz, Margit"]
[Black "Jauk, Nadine"]
[Result "0-1"]
[WhiteElo "1519"]
[BlackElo "1761"]
[PlyCount "88"]
[EventDate "1998.04.04"]
[Source "A. Burger"]
[SourceDate "1998.04.10"]

1. Nf3 Nf6 2. d4 g6 3. Bf4 Bg7 4. h3 O-O 5. e3 d6 6. Be2 Nbd7 7. O-O c5 8. c3
a6 9. a4 Qb6 10. Qc2 Qc6 11. Rc1 c4 12. Nbd2 b5 13. axb5 axb5 14. Rxa8 Qxa8 15.
b3 d5 16. b4 Nb6 17. Ne5 Bf5 18. Qb2 Na4 19. Qa1 Qb7 20. Bd1 Ra8 21. Bc2 Be6
22. Ndf3 h6 23. Nd2 Nd7 24. Nxd7 Bxd7 25. Nf3 g5 26. Bh2 f6 27. Kf1 Qc8 28. Kg1
Ra6 29. Bxa4 Rxa4 30. Qb2 Qa8 31. Qd2 Bf5 32. Bc7 Ra2 33. Qe1 Qa3 34. Bd8 e6
35. Bc7 Bd3 36. Bg3 h5 37. h4 g4 38. Nh2 e5 39. Nf1 exd4 40. exd4 {} 40... Re2
41. Qd1 Bh6 42. Ne3 Bxe3 43. fxe3 Rxe3 44. Bf4 Re2 0-1

[Event "AUT -U18G"]
[Site "Koestendorf"]
[Date "1998.04.05"]
[Round "2.4"]
[White "Alge, Karin"]
[Black "Archan, Dagmar"]
[Result "0-1"]
[WhiteElo "1734"]
[BlackElo "1688"]
[PlyCount "78"]
[EventDate "1998.04.04"]
[Source "A. Burger"]
[SourceDate "1998.04.10"]

1. c4 Nf6 2. Nc3 g6 3. g3 Bg7 4. Bg2 O-O 5. Nf3 d6 6. O-O e5 7. d3 Nh5 8. b4 {
} 8... e4 9. Nxe4 Bxa1 10. d4 f5 11. Bg5 Qe8 12. Nxd6 cxd6 13. Qxa1 Nc6 14. b5
Nd8 15. e3 Nf6 16. Bh6 Rf7 17. h3 Ne4 18. Rc1 Bd7 19. a4 a6 20. Qb2 axb5 21.
axb5 Ne6 22. c5 Bxb5 23. cxd6 Nxd6 24. d5 Nd8 25. Ng5 Re7 26. Qf6 Rd7 27. Ne6
Qe7 28. Qxe7 Rxe7 29. Bg5 Rd7 30. f3 N8f7 31. Bf4 Rc8 32. Rxc8+ Nxc8 33. e4 Bc4
34. Nc5 Re7 35. Ne6 b5 36. Bf1 Bxf1 37. Kxf1 Ncd6 38. Nd4 fxe4 39. Nc6 Re8 0-1

[Event "AUT -U18G"]
[Site "Koestendorf"]
[Date "1998.04.05"]
[Round "2.5"]
[White "Perlega, Daniela"]
[Black "Kump, Martina"]
[Result "1-0"]
[WhiteElo "1608"]
[BlackElo "1581"]
[PlyCount "125"]
[EventDate "1998.04.04"]
[Source "A. Burger"]
[SourceDate "1998.04.10"]

1. e4 e5 2. Bc4 d6 3. c3 Nf6 4. Qf3 Nc6 5. Na3 Bg4 6. Qe3 Be7 7. Nc2 O-O 8. d4
Qc8 9. Ne2 Na5 10. Bd3 c5 11. dxe5 dxe5 12. Ng3 b6 13. O-O Be6 14. Qe1 Rd8 15.
Be2 Nb7 16. Bg5 h6 17. Bxf6 Bxf6 18. c4 Nd6 19. b3 a5 20. Qc3 Qc7 21. Rfd1 Bc8
22. Ne3 Bb7 23. Bf3 Re8 24. Rd3 Bg5 25. Rad1 Bxe3 26. Rxe3 f6 27. Red3 Red8 28.
Qd2 Nf7 29. Bh5 Rxd3 30. Qxd3 Ng5 31. f3 Bc6 32. Qd6 Rc8 33. Nf5 Qxd6 34. Rxd6
Kf8 35. Kf2 Nf7 36. Bxf7 Kxf7 37. Ke3 h5 38. Ng3 g6 39. Ne2 Ke7 40. Rd2 Rd8 41.
Rxd8 Kxd8 42. h3 42... h4 {} 43. g3 g5 44. gxh4 gxh4 45. f4 Bd7 46. f5 Be8 47.
Ng1 a4 48. Nf3 axb3 49. axb3 b5 50. Nxh4 bxc4 51. bxc4 Bf7 52. Kd3 Ke8 53. Nf3
Kd7 54. Kc3 Kd6 55. Nh4 Bh5 56. Kd3 Ke7 57. Ke3 Kf8 58. Ng2 Bf7 59. Kd3 Bh5 60.
Ne3 Bf7 61. Nd5 Kg7 62. Nc7 Kh6 63. Na6 1-0

[Event "AUT -U18G"]
[Site "Koestendorf"]
[Date "1998.04.05"]
[Round "2.6"]
[White "Wiesinger, Bianca"]
[Black "Roscher, Christine"]
[Result "0-1"]
[WhiteElo "1626"]
[BlackElo "1568"]
[PlyCount "62"]
[EventDate "1998.04.04"]
[Source "A. Burger"]
[SourceDate "1998.04.10"]

1. e4 e5 2. Nf3 Nc6 3. d4 exd4 4. Bc4 Nf6 5. c3 Nxe4 6. Qb3 Qf6 7. O-O Nc5 8.
Qc2 Ne6 9. cxd4 Ncxd4 10. Nxd4 Nxd4 11. Re1+ Be7 12. Qe4 c6 13. Bd3 d5 14. Qe3
Be6 15. Bd2 Nf5 16. Bxf5 Qxf5 17. Bc3 Qg6 18. Nd2 O-O 19. Nb3 Bf6 20. Nc5 Bxc3
21. Qxc3 Rab8 22. Re2 Rfe8 23. Rae1 Qf5 24. Re5 Qf6 25. Qh3 h6 26. Nxe6 Rxe6
27. Rxe6 fxe6 28. Qxe6+ Qxe6 29. Rxe6 Kf7 30. Re3 30... Re8 {} 31. Rb3 Re1#
0-1

[Event "AUT -U18G"]
[Site "Koestendorf"]
[Date "1998.04.05"]
[Round "2.7"]
[White "Bernhard, Julia"]
[Black "Striok, Bianka"]
[Result "1-0"]
[WhiteElo "1429"]
[BlackElo "1537"]
[PlyCount "61"]
[EventDate "1998.04.04"]
[Source "A. Burger"]
[SourceDate "1998.04.10"]

1. e4 e5 2. Nf3 Nc6 3. Bc4 Nd4 4. d3 Nxf3+ 5. Qxf3 Qf6 6. Qg3 d6 7. Nc3 c6 8.
O-O Qg6 9. Ne2 Be6 10. Bxe6 fxe6 11. f4 Qxg3 12. Nxg3 exf4 13. Bxf4 {} 13...
Ne7 14. Bxd6 g6 15. Be5 Rg8 16. Rf2 Bh6 17. Rf3 Bg7 18. Bxg7 Rxg7 19. Raf1 Kd7
20. Ne2 e5 21. Rf6 c5 22. Nc3 h5 23. Nb5 Nc6 24. Rf7+ Rxf7 25. Rxf7+ Ne7 26.
Rf6 a6 27. Rd6+ Kc8 28. Nc3 Kc7 29. Re6 b6 30. Rxe7+ Kd6 31. Rg7 1-0

[Event "AUT -U18G"]
[Site "Koestendorf"]
[Date "1998.04.06"]
[Round "3.1"]
[White "Jauk, Nadine"]
[Black "Schrank, Manuela"]
[Result "0-1"]
[WhiteElo "1761"]
[BlackElo "1700"]
[PlyCount "140"]
[EventDate "1998.04.04"]
[Source "A. Burger"]
[SourceDate "1998.04.10"]

1. e4 d6 2. d4 g6 3. Nf3 Bg7 4. Bc4 Nf6 5. Nc3 O-O 6. O-O e5 7. dxe5 dxe5 8.
Qxd8 Rxd8 9. Nxe5 Rf8 10. Nd3 c6 11. Bf4 Re8 12. f3 Nbd7 13. Rad1 Nh5 14. Bd6
Bd4+ 15. Kh1 Nb6 16. Bb3 Be6 17. Nc5 Bxc5 18. Bxc5 Bxb3 19. axb3 Nf4 20. Bxb6
axb6 21. Na4 b5 22. Nc5 Ra2 23. Rb1 Rd8 24. g3 Ne2 25. Rf2 Rd2 26. Nd3 {}
26... Rxc2 27. Nb4 Rcxb2 28. Nxa2 Rxb1+ 29. Kg2 Nd4 30. b4 b6 31. Rd2 c5 32.
bxc5 bxc5 33. Nc3 Rb3 34. Nd5 Nxf3 35. Rf2 Nd4 36. Nf6+ Kg7 37. Ne8+ Kg8 38.
Nf6+ Kg7 39. Ne8+ Kf8 40. Nd6 Ke7 41. Nxf7 Re3 42. Nh6 Re2 43. Rxe2 Nxe2 44.
Kf3 Nd4+ 45. Ke3 Ke6 46. Ng4 Nc6 47. Nf2 c4 48. Nd1 b4 49. Nb2 c3 50. Na4 Ke5
51. Nc5 c2 52. Nd3+ Kd6 53. Kd2 b3 54. Kc1 Ne5 55. Nb2 Kc5 56. Na4+ Kb4 57. Nb2
Ka3 58. h3 h5 59. h4 Ka2 60. Na4 Nd3+ 61. Kd2 c1=Q+ 62. Kxd3 Qc2+ 63. Kd4 b2
64. Nc3+ Kb3 65. Nd5 b1=Q 66. Nf6 Qbb2+ 67. Kd5 Qc4+ 68. Kd6 Qxf6+ 69. Kd7
Qcf7+ 70. Kc8 Qh8# 0-1

[Event "AUT -U18G"]
[Site "Koestendorf"]
[Date "1998.04.06"]
[Round "3.2"]
[White "Perlega, Claudia"]
[Black "Perlega, Daniela"]
[Result "1-0"]
[WhiteElo "1715"]
[BlackElo "1608"]
[PlyCount "52"]
[EventDate "1998.04.04"]
[Source "A. Burger"]
[SourceDate "1998.04.10"]

1. e4 e5 2. Nf3 Nf6 3. Bc4 Nc6 4. Nc3 Bc5 5. O-O O-O 6. d3 h6 7. a3 a6 8. h3 d6
9. Ne2 Ne7 10. Ng3 b5 11. Ba2 c6 12. Re1 Ng6 13. c3 Re8 14. Be3 Bxe3 15. Rxe3
Be6 16. Bxe6 Rxe6 17. d4 d5 18. exd5 Nxd5 19. Re1 Qe8 20. dxe5 Nxe5 21. Nd4
21... Re7 {} 22. Ngf5 Rd7 23. Nxc6 Nxc3 24. Qc2 f6 25. Qxc3 Rc8 26. Qb3+ Kh8
1-0

[Event "AUT -U18G"]
[Site "Koestendorf"]
[Date "1998.04.06"]
[Round "3.3"]
[White "Archan, Dagmar"]
[Black "Giesinger, Evelyne"]
[Result "1-0"]
[WhiteElo "1688"]
[BlackElo "1356"]
[PlyCount "91"]
[EventDate "1998.04.04"]
[Source "A. Burger"]
[SourceDate "1998.04.10"]

1. d4 d5 2. Nf3 Nf6 3. c4 c6 4. e3 Bf5 5. Nc3 e6 6. Bd3 Bb4 7. Bxf5 exf5 8.
cxd5 cxd5 9. O-O O-O 10. Bd2 Nc6 11. a3 Bd6 12. b4 Rc8 13. Qb3 Ne4 14. Nxd5 Re8
15. Bc1 Ne7 16. Nxe7+ Rxe7 17. Bb2 f4 18. Rfc1 Rec7 19. Qd3 f5 20. Nd2 f3 21.
Nxf3 Qf6 22. Rxc7 Rxc7 23. Rc1 g5 24. Rxc7 Bxc7 25. Qc4+ Qf7 26. Qxf7+ Kxf7 27.
h3 Ke6 28. Kf1 Kd5 29. Ke2 Kc4 30. Nd2+ Nxd2 31. Kxd2 h6 32. Kc2 Bh2 33. Kd2 b5
34. Ke2 Bd6 35. Kd2 Kb3 36. Bc1 a6 37. Kd3 h5 38. f3 Bc7 39. g4 hxg4 40. hxg4
fxg4 41. fxg4 Bd8 42. e4 Ka2 43. Kc2 {} 43... Bb6 44. d5 Bc7 45. Bb2 Bd6 46.
e5 1-0

[Event "AUT -U18G"]
[Site "Koestendorf"]
[Date "1998.04.06"]
[Round "3.4"]
[White "Roscher, Christine"]
[Black "Bernhard, Julia"]
[Result "1/2-1/2"]
[WhiteElo "1568"]
[BlackElo "1429"]
[PlyCount "48"]
[EventDate "1998.04.04"]
[Source "A. Burger"]
[SourceDate "1998.04.10"]

1. e4 e5 2. Nf3 Nc6 3. Bc4 Bc5 4. c3 Nf6 5. d3 d6 6. Bg5 h6 7. Bh4 Qe7 8. Nbd2
Be6 9. O-O g5 10. Bg3 10... Nh5 {} 11. Nxe5 Nxe5 12. Bxe5 dxe5 13. Qxh5 O-O-O
14. Qe2 Qd7 15. Rfd1 Bg4 16. Nf3 f5 17. b4 Bb6 18. a4 a5 19. b5 Rhf8 20. Rac1
fxe4 21. dxe4 Qe7 22. Rxd8+ Qxd8 23. Rd1 Qe7 24. Qd3 Qc5 1/2-1/2

[Event "AUT -U18G"]
[Site "Koestendorf"]
[Date "1998.04.06"]
[Round "3.5"]
[White "Kreutmayer, Simone"]
[Black "Alge, Karin"]
[Result "0-1"]
[WhiteElo "1517"]
[BlackElo "1734"]
[PlyCount "46"]
[EventDate "1998.04.04"]
[Source "A. Burger"]
[SourceDate "1998.04.10"]

1. e4 d6 2. d4 Nf6 3. Nc3 g6 4. Be2 Bg7 5. Be3 Nbd7 6. h3 b6 7. Nf3 Bb7 8. Bd3
c5 9. O-O O-O 10. Qd2 Qc8 11. Bh6 c4 12. Be2 Nxe4 13. Nxe4 Bxe4 14. c3 Nf6 15.
Qg5 a6 16. Rfe1 Ra7 17. Qh4 b5 18. Ng5 Bd5 19. Bxg7 Kxg7 20. Bg4 e6 21. Re3 {}
21... h6 22. Nf3 h5 23. Ng5 hxg4 0-1

[Event "AUT -U18G"]
[Site "Koestendorf"]
[Date "1998.04.06"]
[Round "3.6"]
[White "Kump, Martina"]
[Black "Schuetz, Margit"]
[Result "1-0"]
[WhiteElo "1581"]
[BlackElo "1519"]
[PlyCount "63"]
[EventDate "1998.04.04"]
[Source "A. Burger"]
[SourceDate "1998.04.10"]

1. e4 c5 2. Nf3 d6 3. Nc3 Nc6 4. d3 e6 5. Be2 Nf6 6. O-O Be7 7. Bg5 O-O 8. Qd2
a6 9. a4 Bd7 10. b3 Qc7 11. Nd1 b5 12. axb5 axb5 13. Ne3 h6 14. Bh4 Ra5 15.
Rxa5 Qxa5 16. Qxa5 Nxa5 17. e5 dxe5 18. Nxe5 {} 18... Nc6 19. Bxf6 Nxe5 20.
Bxe5 f6 21. Bb2 Ra8 22. Ra1 Rxa1+ 23. Bxa1 Kf7 24. d4 cxd4 25. Bxd4 Bb4 26. Nd1
Ke7 27. c3 Bd6 28. b4 e5 29. Be3 f5 30. f3 g5 31. Bf2 Ke6 32. h4 1-0

[Event "AUT -U18G"]
[Site "Koestendorf"]
[Date "1998.04.06"]
[Round "3.7"]
[White "Striok, Bianka"]
[Black "Wiesinger, Bianca"]
[Result "1/2-1/2"]
[WhiteElo "1537"]
[BlackElo "1626"]
[PlyCount "104"]
[EventDate "1998.04.04"]
[Source "A. Burger"]
[SourceDate "1998.04.10"]

1. e4 c5 2. c3 d5 3. exd5 Qxd5 4. d4 e6 5. Be3 Nd7 6. Qf3 Ngf6 7. Nd2 a6 8. Bc4
Qxf3 9. Ngxf3 b5 10. Bd3 Bd6 11. Ne4 Nxe4 12. Bxe4 Rb8 13. O-O-O O-O 14. dxc5
Bxc5 15. Bf4 {} 15... e5 16. Nxe5 Nxe5 17. Bxe5 Rb6 18. Bd4 Bxd4 19. Rxd4 Re8
20. Rhd1 Be6 21. Rd8 Rb8 22. Rxb8 Rxb8 23. a3 g6 24. Rd6 a5 25. Ra6 a4 26. Bd3
Bb3 27. Ra5 Rd8 28. Be2 Re8 29. Bxb5 Re1+ 30. Kd2 Rb1 31. Bxa4 Rxb2+ 32. Ke3
Rc2 33. Bxb3 Rxc3+ 34. Kf4 Rxb3 35. f3 Rb2 36. Kg3 Kg7 37. Ra6 Rb5 38. a4 Rc5
39. h4 Kh6 40. Kh3 Rc3 41. a5 Ra3 42. Ra8 Kg7 43. a6 h5 44. a7 Kf6 45. Kg3 Ra4
46. Kf2 Ra3 47. Ke2 Kf5 48. g3 Ra2+ 49. Kd3 Ra3+ 50. Kc4 Ra4+ 51. Kd5 Ra6 52.
Kc5 f6 1/2-1/2

[Event "AUT -U18G"]
[Site "Koestendorf"]
[Date "1998.04.07"]
[Round "4.1"]
[White "Schrank, Manuela"]
[Black "Perlega, Claudia"]
[Result "1/2-1/2"]
[WhiteElo "1700"]
[BlackElo "1715"]
[PlyCount "48"]
[EventDate "1998.04.04"]
[Source "A. Burger"]
[SourceDate "1998.04.10"]

1. e4 e5 2. Nf3 Nc6 3. Bb5 a6 4. Ba4 Nf6 5. O-O b5 6. Bb3 Be7 7. Re1 O-O 8. c3
d5 9. exd5 Nxd5 10. Nxe5 Nxe5 11. Rxe5 c6 12. d4 Bd6 13. Re1 Qh4 14. g3 Qh3 15.
Qe2 Bg4 16. Qf1 Qh5 17. Bd1 Rae8 18. Bxg4 Qxg4 19. Bd2 f5 20. Rxe8 Rxe8 21. f3
Qh5 22. Na3 Ne3 23. Qf2 f4 24. Re1 c5 1/2-1/2

[Event "AUT -U18G"]
[Site "Koestendorf"]
[Date "1998.04.07"]
[Round "4.2"]
[White "Perlega, Daniela"]
[Black "Archan, Dagmar"]
[Result "1/2-1/2"]
[WhiteElo "1608"]
[BlackElo "1688"]
[PlyCount "114"]
[EventDate "1998.04.04"]
[Source "A. Burger"]
[SourceDate "1998.04.10"]

1. c4 Nf6 2. Nc3 g6 3. g3 Bg7 4. Bg2 O-O 5. e4 d6 6. Nge2 e5 7. O-O Ne8 8. d3
c6 9. Be3 f5 10. f4 Nf6 11. h3 Be6 12. Qd2 fxe4 13. Nxe4 Nxe4 14. Bxe4 Bxh3 15.
Bg2 Bf5 16. Rad1 Re8 17. Nc3 Bg4 18. Bf3 Bxf3 19. Rxf3 Nd7 20. Rdf1 Qe7 21. b3
Nf6 22. fxe5 Qxe5 23. d4 Qe6 24. Bh6 Rf8 25. Re1 Qd7 26. Bxg7 Kxg7 27. Kg2 Rae8
28. Ref1 d5 29. cxd5 Nxd5 30. Rxf8 Rxf8 31. Rxf8 Kxf8 32. Nxd5 Qxd5+ 33. Kf2
Kg8 34. Qe3 Qf5+ 35. Ke2 Kf7 36. Kd2 Qa5+ 37. Ke2 Qxa2+ 38. Kf3 Qa5 39. Ke2 Qf5
40. Kd2 g5 41. Kc3 h6 42. Kb2 h5 43. Qd2 h4 44. gxh4 gxh4 45. Qh2 Qe4 46. Qc7+
Qe7 47. Qf4+ Ke6 48. Kc3 c5 49. Qe5+ Kf7 50. Qd5+ Kf8 51. dxc5 Qg7+ 52. Kb4 Qe7
53. Qf5+ Ke8 54. Qc8+ Kf7 55. Qf5+ Kg8 56. Qg4+ Kf7 57. Qf5+ Ke8 1/2-1/2

[Event "AUT -U18G"]
[Site "Koestendorf"]
[Date "1998.04.07"]
[Round "4.3"]
[White "Roscher, Christine"]
[Black "Jauk, Nadine"]
[Result "0-1"]
[WhiteElo "1568"]
[BlackElo "1761"]
[PlyCount "104"]
[EventDate "1998.04.04"]
[Source "A. Burger"]
[SourceDate "1998.04.10"]

1. e4 c5 2. Nf3 d6 3. d4 cxd4 4. Nxd4 Nf6 5. Nc3 g6 6. Be3 Bg7 7. f3 O-O 8. Qd2
Nc6 9. O-O-O a6 10. h4 Bd7 11. Be2 b5 12. g4 Ne5 13. h5 Nc4 14. Bxc4 bxc4 15.
hxg6 fxg6 16. Bh6 Rf7 17. Bxg7 Rxg7 18. Nb1 Qb6 19. Na3 Qc5 20. c3 Rf7 21. Ndc2
Rc8 22. Qd4 Be6 23. Qxc5 Rxc5 24. Rd4 Nd7 25. Rh3 Ne5 26. Ne1 Rc8 27. Rd2 Rcf8
28. Rdh2 h5 29. Rg3 hxg4 30. fxg4 {} 30... Bxg4 31. Rg1 Rf1 32. Rxf1 Rxf1 33.
Kd2 Rxe1 34. Kxe1 Nf3+ 35. Kf2 Nxh2 36. Kg3 Bf3 37. Kxh2 Bxe4 38. Nxc4 Bd5 39.
Nb6 Bxa2 40. Nc8 Kf7 41. Kg3 Kf6 42. Kf3 d5 43. Nb6 e5 44. Nd7+ Kf5 45. Nc5 Bc4
46. Ke3 g5 47. b3 Bb5 48. b4 g4 49. Nb3 Bc4 50. Nd2 e4 51. Nb1 g3 52. Na3 Bd3
0-1

[Event "AUT -U18G"]
[Site "Koestendorf"]
[Date "1998.04.07"]
[Round "4.4"]
[White "Alge, Karin"]
[Black "Bernhard, Julia"]
[Result "0-1"]
[WhiteElo "1734"]
[BlackElo "1429"]
[PlyCount "36"]
[EventDate "1998.04.04"]
[Source "A. Burger"]
[SourceDate "1998.04.10"]

1. c4 e5 2. Nc3 Nc6 3. g3 Bc5 4. Bg2 d6 5. Nf3 Nf6 6. d3 Be6 7. O-O h6 8. a3 a5
9. Bd2 Qd7 10. Qc2 Bh3 11. Nd5 Nxd5 12. cxd5 Ne7 13. e4 O-O 14. Bc3 Bxg2 15.
Kxg2 15... f5 {} 16. Bxe5 fxe4 17. dxe4 Qg4 18. Bf4 Ng6 0-1

[Event "AUT -U18G"]
[Site "Koestendorf"]
[Date "1998.04.07"]
[Round "4.5"]
[White "Giesinger, Evelyne"]
[Black "Kump, Martina"]
[Result "1-0"]
[WhiteElo "1356"]
[BlackElo "1581"]
[PlyCount "45"]
[EventDate "1998.04.04"]
[Source "A. Burger"]
[SourceDate "1998.04.10"]

1. d4 d5 2. Nf3 Bg4 3. Bf4 Nf6 4. Nc3 e6 5. e3 Bb4 6. Be2 Ne4 7. Qd3 Nd7 8. O-O
Bxc3 9. bxc3 O-O 10. c4 c6 11. cxd5 cxd5 12. c4 Nef6 13. Rac1 Rc8 14. h3 Bh5
15. Nd2 Bg6 16. Qb3 16... Qa5 {} 17. Bd6 Qxd2 18. Bxf8 Qxe2 19. Bd6 Ne4 20.
Qxb7 Nb6 21. c5 Nxd6 22. cxd6 Ra8 23. Qxa8+ 1-0

[Event "AUT -U18G"]
[Site "Koestendorf"]
[Date "1998.04.07"]
[Round "4.6"]
[White "Striok, Bianka"]
[Black "Kreutmayer, Simone"]
[Result "1-0"]
[WhiteElo "1537"]
[BlackElo "1517"]
[PlyCount "103"]
[EventDate "1998.04.04"]
[Source "A. Burger"]
[SourceDate "1998.04.10"]

1. e4 c6 2. Nc3 d5 3. d3 Nf6 4. Bg5 e5 5. Bxf6 gxf6 6. Qh5 d4 7. Nce2 Qb6 8. b3
Bb4+ 9. Kd1 Be6 10. f4 {} 10... Nd7 11. f5 Bxf5 12. Qxf5 Qa5 13. Qf2 Bd2 14.
Nf3 Be3 15. Qe1 Qa3 16. Nd2 Qb2 17. Rc1 Qxa2 18. Ng3 Bh6 19. Qf2 Qa5 20. Nf5
Bf8 21. Nc4 Qc7 22. Qd2 b5 23. Qa5 Qxa5 24. Nxa5 Rc8 25. Nb7 Rc7 26. Nbd6+ Bxd6
27. Nxd6+ Ke7 28. Nf5+ Ke6 29. g3 a5 30. Bh3 Ra8 31. Nxd4+ Ke7 32. Bxd7 Kxd7
33. Ne2 a4 34. bxa4 bxa4 35. Kd2 a3 36. Ra1 Rb7 37. Rhb1 Rxb1 38. Rxb1 Ke6 39.
Ra1 f5 40. exf5+ Kxf5 41. h3 c5 42. Nc3 Kg5 43. Ne4+ Kg6 44. Nxc5 f5 45. Nb3 f4
46. gxf4 exf4 47. Ke2 Kg5 48. Kf3 h5 49. c4 Re8 50. Rg1+ Kf5 51. Nd4+ Ke5 52.
Re1+ 1-0